Persona y sociedad

Conferencia brindada por el autor en 1970, Guatemala. Si bien en el trasfondo tiene una línea política bien marcada, sus planteamientos se enmarcan en un discurso fuertemente académico sobre problemas de ética y filosofía política. Entre estos se destaca de manera principal el concepto de persona y...

Descrizione completa

Salvato in:
Dettagli Bibliografici
Autore principale: González Dobles, Jaime
Natura: Libro
Lingua:Undetermined
Pubblicazione: Guatemala Financiera Guatemalteca 1971
Soggetti:
Tags: Aggiungi Tag
Nessun Tag, puoi essere il primo ad aggiungerne!!

MARC

LEADER 00000nam a2200000Ia 4500
008 170316s9999 xx 000 0 und d
040 |a cru BVZT 
090 |a 100 G-43p 
100 |a González Dobles, Jaime  |9 579 
245 |a Persona y sociedad  |c / Jaime González Dobles 
260 |a Guatemala  |b Financiera Guatemalteca  |c 1971 
300 |a 132 páginas 
520 |a Conferencia brindada por el autor en 1970, Guatemala. Si bien en el trasfondo tiene una línea política bien marcada, sus planteamientos se enmarcan en un discurso fuertemente académico sobre problemas de ética y filosofía política. Entre estos se destaca de manera principal el concepto de persona y su respectiva valorización en la discusión contemporánea, de lo que se desprende la cuestión de la estructura y la dinámica del mundo entorno a relación persona-individuo, la convivencia social y finalmente la caracterización de una sociedad personalista y comunitaria. 
650 |a FILOSOFÍA  |9 5 
999 |c 903  |d 903 
942 |c 15 D  |h 100 G-43p  |2 z